| Tag |
First Indicator |
Second Indicator |
Subfields |
| LEADER |
00000cas a2200000 4500 |
| 001 |
in00000062899 |
| 005 |
20151008051119.0 |
| 008 |
760429c19769999mdumr1p 0uuua0eng |
| 010 |
|
|
|a 76642434
|
| 012 |
|
|
|a 4
|e n
|
| 022 |
|
|
|a 0363-2415
|
| 035 |
|
|
|a (OCoLC)02146875
|
| 035 |
|
|
|9 AAG5837AM
|
| 037 |
|
|
|b 5410 Grosvenor Lane
|
| 040 |
|
|
|a PIT
|c PIT
|d MUL
|d UDI
|d DLC
|d TXA
|d UtOrBLW
|
| 042 |
|
|
|a lc
|a nsdp
|
| 043 |
|
|
|a n-us---
|
| 049 |
|
|
|a TXAE
|
| 050 |
|
0 |
|a SH219
|b .A3
|
| 082 |
0 |
|
|a 338.3/72/0973
|
| 222 |
|
0 |
|a Fisheries
|b (Bethesda)
|
| 245 |
0 |
0 |
|a Fisheries ;
|b a bulletin of the American Fisheries Society.
|
| 264 |
|
1 |
|a Bethesda, Md. :
|b American Fisheries Society.
|
| 300 |
|
|
|a volumes :
|b illustrations ;
|c 28 cm.
|a bimonthly.
|
| 336 |
|
|
|a text
|b txt
|2 rdacontent
|
| 337 |
|
|
|a unmediated
|b n
|2 rdamedia
|
| 338 |
|
|
|a volume
|b nc
|2 rdacarrier
|
| 362 |
0 |
|
|a v. 1- Jan./Feb. 1976-
|
| 650 |
|
0 |
|a Fisheries
|z United States
|x Periodicals.
|
| 650 |
|
0 |
|a Fisheries
|z Canada
|v Periodicals.
|
| 650 |
|
0 |
|a Fishery management
|x Periodicals.
|
| 710 |
2 |
|
|a American Fisheries Society.
|
| 710 |
2 |
2 |
|a American Fisheries Society.
|t Newsletter.
|
| 780 |
0 |
2 |
|a American Fisheries Society.
|t Newsletter
|x 0044-7692
|
| 999 |
|
|
|a MARS
|
| 999 |
f |
f |
|s a20eeda4-b6ab-3063-8b4a-b3cfa60caa99
|i 3f45e087-ff7b-3e2b-89be-560aedc0cce5
|t 0
|
| 952 |
f |
f |
|p ric
|a Texas A&M University
|b Rellis Campus
|c Joint Library Facility
|d Remote Storage
|t 0
|e SH219 .A3
|h Library of Congress classification
|i unmediated -- volume
|k v.25:no.7-12
|l 2000:July-Dec.
|m A14827305402
|
| 952 |
f |
f |
|p ric
|a Texas A&M University
|b Rellis Campus
|c Joint Library Facility
|d Remote Storage
|t 0
|e SH219 .A3
|h Library of Congress classification
|i unmediated -- volume
|k v.19:no.7-12
|l 1994:July-Dec.
|m A14819490413
|
| 952 |
f |
f |
|p ric
|a Texas A&M University
|b Rellis Campus
|c Joint Library Facility
|d Remote Storage
|t 0
|e SH219 .A3
|h Library of Congress classification
|i unmediated -- volume
|k v.24:no.7-12
|l 1999:July-Dec.
|m A14825996029
|
| 952 |
f |
f |
|p ric
|a Texas A&M University
|b Rellis Campus
|c Joint Library Facility
|d Remote Storage
|t 0
|e SH219 .A3
|h Library of Congress classification
|i unmediated -- volume
|k v.21:no.7-12
|l 1996:July-Dec.
|m A14820707425
|
| 952 |
f |
f |
|p ric
|a Texas A&M University
|b Rellis Campus
|c Joint Library Facility
|d Remote Storage
|t 0
|e SH219 .A3
|h Library of Congress classification
|i unmediated -- volume
|k v.29:no.1-6
|l 2004:Jan.-June
|m A14831497287
|
| 952 |
f |
f |
|p ric
|a Texas A&M University
|b Rellis Campus
|c Joint Library Facility
|d Remote Storage
|t 0
|e SH219 .A3
|h Library of Congress classification
|i unmediated -- volume
|k v.35:no.1-4
|l 2010:Jan.-Apr.
|m A14843539223
|
| 952 |
f |
f |
|p ric
|a Texas A&M University
|b Rellis Campus
|c Joint Library Facility
|d Remote Storage
|t 0
|e SH219 .A3
|h Library of Congress classification
|i unmediated -- volume
|k v.16
|l 1991
|m A14815591738
|
| 952 |
f |
f |
|p ric
|a Texas A&M University
|b Rellis Campus
|c Joint Library Facility
|d Remote Storage
|t 0
|e SH219 .A3
|h Library of Congress classification
|i unmediated -- volume
|k v.25:no.1-6
|l 2000:Jan.-June
|m A14827305355
|
| 952 |
f |
f |
|p ric
|a Texas A&M University
|b Rellis Campus
|c Joint Library Facility
|d Remote Storage
|t 0
|e SH219 .A3
|h Library of Congress classification
|i unmediated -- volume
|k v.4
|l 1979
|m A14813049125
|
| 952 |
f |
f |
|p ric
|a Texas A&M University
|b Rellis Campus
|c Joint Library Facility
|d Remote Storage
|t 0
|e SH219 .A3
|h Library of Congress classification
|i unmediated -- volume
|k v.30:no.7-12
|l 2005:July-Dec.
|m A14834466528
|
| 952 |
f |
f |
|p ric
|a Texas A&M University
|b Rellis Campus
|c Joint Library Facility
|d Remote Storage
|t 0
|e SH219 .A3
|h Library of Congress classification
|i unmediated -- volume
|k v.32:no.1-6
|l 2007:Jan.-June
|m A14836127358
|
| 952 |
f |
f |
|p ric
|a Texas A&M University
|b Rellis Campus
|c Joint Library Facility
|d Remote Storage
|t 0
|e SH219 .A3
|h Library of Congress classification
|i unmediated -- volume
|k v.32:no.7-12
|l 2007:July-Dec.
|m A14837100260
|
| 952 |
f |
f |
|p ric
|a Texas A&M University
|b Rellis Campus
|c Joint Library Facility
|d Remote Storage
|t 0
|e SH219 .A3
|h Library of Congress classification
|i unmediated -- volume
|k v.20:no.5-6
|l 1995:May-June
|m A14830630230
|
| 952 |
f |
f |
|p ric
|a Texas A&M University
|b Rellis Campus
|c Joint Library Facility
|d Remote Storage
|t 0
|e SH219 .A3
|h Library of Congress classification
|i unmediated -- volume
|k v.18:no.7-12
|l 1993:July-Dec.
|m A14817930459
|
| 952 |
f |
f |
|p ric
|a Texas A&M University
|b Rellis Campus
|c Joint Library Facility
|d Remote Storage
|t 0
|e SH219 .A3
|h Library of Congress classification
|i unmediated -- volume
|k v.22:no.7-12
|l 1997:July-Dec.
|m A14825962842
|
| 952 |
f |
f |
|p ric
|a Texas A&M University
|b Rellis Campus
|c Joint Library Facility
|d Remote Storage
|t 0
|e SH219 .A3
|h Library of Congress classification
|i unmediated -- volume
|k v.9-10
|l 1984-1985
|m A14824178123
|
| 952 |
f |
f |
|p ric
|a Texas A&M University
|b Rellis Campus
|c Joint Library Facility
|d Remote Storage
|t 0
|e SH219 .A3
|h Library of Congress classification
|i unmediated -- volume
|k v.34:no.7-12
|l 2009:July-Dec.
|m A14839099350
|
| 952 |
f |
f |
|p ric
|a Texas A&M University
|b Rellis Campus
|c Joint Library Facility
|d Remote Storage
|t 0
|e SH219 .A3
|h Library of Congress classification
|i unmediated -- volume
|k v.34:no.1-6
|l 2009:Jan-June
|m A14839099334
|
| 952 |
f |
f |
|p ric
|a Texas A&M University
|b Rellis Campus
|c Joint Library Facility
|d Remote Storage
|t 0
|e SH219 .A3
|h Library of Congress classification
|i unmediated -- volume
|k v.26:no.7-12
|l 2001:July-Dec.
|m A14828583435
|
| 952 |
f |
f |
|p ric
|a Texas A&M University
|b Rellis Campus
|c Joint Library Facility
|d Remote Storage
|t 0
|e SH219 .A3
|h Library of Congress classification
|i unmediated -- volume
|k v.24:no.16
|l 1999:jan.-june
|m A14825740703
|
| 952 |
f |
f |
|p ric
|a Texas A&M University
|b Rellis Campus
|c Joint Library Facility
|d Remote Storage
|t 0
|e SH219 .A3
|h Library of Congress classification
|i unmediated -- volume
|k v.19:no.1-6
|l 1994:Jan.-June
|m A14819490560
|
| 952 |
f |
f |
|p ric
|a Texas A&M University
|b Rellis Campus
|c Joint Library Facility
|d Remote Storage
|t 0
|e SH219 .A3
|h Library of Congress classification
|i unmediated -- volume
|k v.23:no.1-6
|l 1998:Jan.-June
|m A14825962850
|
| 952 |
f |
f |
|p ric
|a Texas A&M University
|b Rellis Campus
|c Joint Library Facility
|d Remote Storage
|t 0
|e SH219 .A3
|h Library of Congress classification
|i unmediated -- volume
|k v.28:no.7-12
|l 2003:July-Dec.
|m A14831784016
|
| 952 |
f |
f |
|p ric
|a Texas A&M University
|b Rellis Campus
|c Joint Library Facility
|d Remote Storage
|t 0
|e SH219 .A3
|h Library of Congress classification
|i unmediated -- volume
|k v.7 -v.8
|l 1982-1983
|m A14816927720
|
| 952 |
f |
f |
|p ric
|a Texas A&M University
|b Rellis Campus
|c Joint Library Facility
|d Remote Storage
|t 0
|e SH219 .A3
|h Library of Congress classification
|i unmediated -- volume
|k v.11
|l 1986
|m A14811624602
|
| 952 |
f |
f |
|p ric
|a Texas A&M University
|b Rellis Campus
|c Joint Library Facility
|d Remote Storage
|t 0
|e SH219 .A3
|h Library of Congress classification
|i unmediated -- volume
|k v.13
|l 1988
|m A14812055987
|
| 952 |
f |
f |
|p ric
|a Texas A&M University
|b Rellis Campus
|c Joint Library Facility
|d Remote Storage
|t 0
|e SH219 .A3
|h Library of Congress classification
|i unmediated -- volume
|k v.3
|l 1978
|m A14826243291
|
| 952 |
f |
f |
|p ric
|a Texas A&M University
|b Rellis Campus
|c Joint Library Facility
|d Remote Storage
|t 0
|e SH219 .A3
|h Library of Congress classification
|i unmediated -- volume
|k v.26:no.1-7
|l 2001:Jan.-June
|m A14828583388
|
| 952 |
f |
f |
|p ric
|a Texas A&M University
|b Rellis Campus
|c Joint Library Facility
|d Remote Storage
|t 0
|e SH219 .A3
|h Library of Congress classification
|i unmediated -- volume
|k v.33:no.7-12
|l 2008:July-Dec.
|m A14838468920
|
| 952 |
f |
f |
|p ric
|a Texas A&M University
|b Rellis Campus
|c Joint Library Facility
|d Remote Storage
|t 0
|e SH219 .A3
|h Library of Congress classification
|i unmediated -- volume
|k v.21:no.1-6
|l 1996:Jan.-June
|m A14820707378
|
| 952 |
f |
f |
|p ric
|a Texas A&M University
|b Rellis Campus
|c Joint Library Facility
|d Remote Storage
|t 0
|e SH219 .A3
|h Library of Congress classification
|i unmediated -- volume
|k v.29:no.7-12
|l 2004:July-Dec.
|m A14833682634
|
| 952 |
f |
f |
|p ric
|a Texas A&M University
|b Rellis Campus
|c Joint Library Facility
|d Remote Storage
|t 0
|e SH219 .A3
|h Library of Congress classification
|i unmediated -- volume
|k v.1:no.2-6
|l 1976:Mar./April-Nov./Dec.
|m A14828441413
|
| 952 |
f |
f |
|p ric
|a Texas A&M University
|b Rellis Campus
|c Joint Library Facility
|d Remote Storage
|t 0
|e SH219 .A3
|h Library of Congress classification
|i unmediated -- volume
|k v.31:no.7-12
|l 2006:July-Dec.
|m A14836127390
|
| 952 |
f |
f |
|p ric
|a Texas A&M University
|b Rellis Campus
|c Joint Library Facility
|d Remote Storage
|t 0
|e SH219 .A3
|h Library of Congress classification
|i unmediated -- volume
|k v.27:no.7-12
|l 2002:July-Dec.
|m A14830951416
|
| 952 |
f |
f |
|p ric
|a Texas A&M University
|b Rellis Campus
|c Joint Library Facility
|d Remote Storage
|t 0
|e SH219 .A3
|h Library of Congress classification
|i unmediated -- volume
|k v.30:no.1-6
|l 2005:Jan.-June
|m A14832884704
|
| 952 |
f |
f |
|p ric
|a Texas A&M University
|b Rellis Campus
|c Joint Library Facility
|d Remote Storage
|t 0
|e SH219 .A3
|h Library of Congress classification
|i unmediated -- volume
|k v.18:no.1-6
|l 1993:Jan.-June
|m A14817943761
|
| 952 |
f |
f |
|p ric
|a Texas A&M University
|b Rellis Campus
|c Joint Library Facility
|d Remote Storage
|t 0
|e SH219 .A3
|h Library of Congress classification
|i unmediated -- volume
|k v.14
|l 1989
|m A14812055937
|
| 952 |
f |
f |
|p ric
|a Texas A&M University
|b Rellis Campus
|c Joint Library Facility
|d Remote Storage
|t 0
|e SH219 .A3
|h Library of Congress classification
|i unmediated -- volume
|k v.33:no.1-6
|l 2008:Jan.-June
|m A14834745883
|
| 952 |
f |
f |
|p ric
|a Texas A&M University
|b Rellis Campus
|c Joint Library Facility
|d Remote Storage
|t 0
|e SH219 .A3
|h Library of Congress classification
|i unmediated -- volume
|k v.12
|l 1987
|m A14811624610
|
| 952 |
f |
f |
|p ric
|a Texas A&M University
|b Rellis Campus
|c Joint Library Facility
|d Remote Storage
|t 0
|e SH219 .A3
|h Library of Congress classification
|i unmediated -- volume
|k v.17
|l 1992
|m A14816141578
|
| 952 |
f |
f |
|p ric
|a Texas A&M University
|b Rellis Campus
|c Joint Library Facility
|d Remote Storage
|t 0
|e SH219 .A3
|h Library of Congress classification
|i unmediated -- volume
|k v.27:no.1-6
|l 2002:Jan.-June
|m A14830951945
|
| 952 |
f |
f |
|p ric
|a Texas A&M University
|b Rellis Campus
|c Joint Library Facility
|d Remote Storage
|t 0
|e SH219 .A3
|h Library of Congress classification
|i unmediated -- volume
|k v.20:no.1-3
|l 1995:Jan.-Mar.
|m A14820707271
|
| 952 |
f |
f |
|p ric
|a Texas A&M University
|b Rellis Campus
|c Joint Library Facility
|d Remote Storage
|t 0
|e SH219 .A3
|h Library of Congress classification
|i unmediated -- volume
|k v.5-v.6
|l 1980-1981
|m A14826201003
|
| 952 |
f |
f |
|p ric
|a Texas A&M University
|b Rellis Campus
|c Joint Library Facility
|d Remote Storage
|t 0
|e SH219 .A3
|h Library of Congress classification
|i unmediated -- volume
|k v.31:no.1-6
|l 2006:Jan.-June
|m A14834645986
|
| 952 |
f |
f |
|p ric
|a Texas A&M University
|b Rellis Campus
|c Joint Library Facility
|d Remote Storage
|t 0
|e SH219 .A3
|h Library of Congress classification
|i unmediated -- volume
|k v.20:no.7-12
|l 1995:July-Dec.
|m A14820707328
|
| 952 |
f |
f |
|p ric
|a Texas A&M University
|b Rellis Campus
|c Joint Library Facility
|d Remote Storage
|t 0
|e SH219 .A3
|h Library of Congress classification
|i unmediated -- volume
|k v.22:no.1-6
|l 1997:Jan.-June
|m A14825962834
|
| 952 |
f |
f |
|p ric
|a Texas A&M University
|b Rellis Campus
|c Joint Library Facility
|d Remote Storage
|t 0
|e SH219 .A3
|h Library of Congress classification
|i unmediated -- volume
|k v.28:no.1-6
|l 2003:Jan.-June
|m A14831784058
|
| 952 |
f |
f |
|p ric
|a Texas A&M University
|b Rellis Campus
|c Joint Library Facility
|d Remote Storage
|t 0
|e SH219 .A3
|h Library of Congress classification
|i unmediated -- volume
|k v.15:no.3-6
|l 1990:May/June-Nov./Dec.
|m A14814353226
|
| 952 |
f |
f |
|p ric
|a Texas A&M University
|b Rellis Campus
|c Joint Library Facility
|d Remote Storage
|t 0
|e SH219 .A3
|h Library of Congress classification
|i unmediated -- volume
|k v.23:no.7-12
|l 1998:July-Dec.
|m A14825962868
|
| 998 |
f |
f |
|a SH219 .A3
|s v.35:no.1-4 (2010:Jan.-Apr.)
|t 0
|l Remote Storage
|